01058nam a22002657a 45000010005000000030006000050050017000110080041000280200018000690400029000871000019001162450071001352600042002063000050002484900024002985050008003225200174003305210021005045210020005256000051005456100039005969420015006359990015006509520127006653029FISKH20240131133341.0240131b cb ||||| |||| 00| 0 eng d a9780516263304 aFISKHbengcFISKHdFISKH aSimon, Hershey aMilton Hershey :bChocolate King Town Builder /cby Simon, Charnan aNew York :bChildren's Press , c1998 a42 pages : bcolor illustrations , c25 cm .  a Community Builders aR  aRelates the story of the founder of the Hershey Chocolate Company in Hershey, Pennsylvania, known for his hard work, perseverance, and charity on behalf of young people.8 a760 bLexile 8 aR bRaz-Plus  2Hershey, Milton Snavely vJuvenile Literature  2Businessmen vJuvenile Literature  2ddccBKn0 c3029d3029 00102ddc40708NFICa001b001cTTPd2024-01-31l0oSIM 338.7 HD9200.U52pFISTK03894r2024-01-31 13:33:36w2024-01-31yBK